[Event "KEN-ch (Women)"]
[Site "Nairobi"]
[Date "2022.12.26"]
[Round "2"]
[White "Wanjiru, Lucy"]
[Black "Muturi, Elsie"]
[Result "1-0"]
[WhiteElo "1454"]
[BlackElo "1147"]
[PlyCount "98"]
[EventDate "2022.12.26"]
[EventType "swiss"]
[EventRounds "9"]
[EventCountry "KEN"]
[SourceTitle "EXT 2024"]
[Source "ChessBase"]
[SourceDate "2023.10.10"]
[SourceVersion "1"]
[SourceVersionDate "2023.10.10"]
[SourceQuality "1"]

1. Nf3 d5 2. g3 Nf6 3. Bg2 Bf5 4. d3 Nc6 5. b3 e6 6. 0-0 Bc5 7. c4 Bg4 8. Nbd2 dxc4 9. bxc4 0-0 10. Bb2 Re8 11. h3 Bh5 12. Nb3 Be7 13. a3 Bxf3 14. Bxf3 Rb8 15. Qc2 Bf8 16. d4 Ne7 17. e4 Ng6 18. Rad1 Qe7 19. Nc5 b6 20. Na6 Rbd8 21. Nb4 Rc8 22. e5 Nd7 23. Bb7 Nb8 24. Bxc8 Rxc8 25. f4 c5 26. Nd3 cxd4 27. Bxd4 Qxa3 28. Ra1 Qe7 29. Rfc1 Nc6 30. Bf2 a5 31. Bxb6 Nb4 32. Nxb4 axb4 33. Ra7 Qe8 34. Qa4 Qxa4 35. Rxa4 Ne7 36. Rxb4 Nd5 37. Rb5 Nxb6 38. c5 Nd5 39. c6 h6 40. Kf2 g5 41. Kf3 Ne7 42. c7 Nd5 43. Rb7 Kg7 44. Ke4 Ba3 45. Rc4 Be7 46. f5 Kh7 47. fxe6 Kg7 48. Kxd5 fxe6+ 49. Kxe6 Bd8 1-0

[Event "Speed Chess (Women) Q1"]
[Site "Chess.com INT"]
[Date "2022.05.25"]
[Round "10"]
[White "Mentile, Lishen"]
[Black "Wanjiru, Lucy"]
[Result "0-1"]
[WhiteElo "1486"]
[BlackElo "1455"]
[PlyCount "38"]
[EventDate "2022.05.24"]
[EventType "swiss (blitz)"]
[EventRounds "14"]
[EventCountry "USA"]
[SourceTitle "CBM 208 Extra"]
[Source "ChessBase"]
[SourceDate "2022.07.31"]
[SourceVersion "1"]
[SourceVersionDate "2022.07.31"]
[SourceQuality "1"]

1. e4 e5 2. f4 d6 3. Nf3 h6 4. Nc3 exf4 5. d4 g5 6. h4 Bg7 7. Bc4 Bg4 8. Be2 Nc6 9. d5 Ne5 10. Nxe5 Bxe2 11. Nxf7 Bxc3+ 12. bxc3 Qf6 13. Qxe2 Qxc3+ 14. Kf2 Kxf7 15. Bd2 Qg3+ 16. Kf1 Nf6 17. Bc1 Rae8 18. Bb2 Rxe4 19. Qd1 Ng4 0-1

[Event "Speed Chess (Women) Q1"]
[Site "Chess.com INT"]
[Date "2022.05.25"]
[Round "7"]
[White "Selkirk, Rebecca"]
[Black "Wanjiru, Lucy"]
[Result "1-0"]
[WhiteElo "1781"]
[BlackElo "1455"]
[PlyCount "91"]
[EventDate "2022.05.24"]
[EventType "swiss (blitz)"]
[EventRounds "14"]
[EventCountry "USA"]
[SourceTitle "CBM 208 Extra"]
[Source "ChessBase"]
[SourceDate "2022.07.31"]
[SourceVersion "1"]
[SourceVersionDate "2022.07.31"]
[SourceQuality "1"]

1. e4 e5 2. d4 exd4 3. Qxd4 Nc6 4. Qe3 d6 5. Nc3 Nge7 6. Bd2 g6 7. 0-0-0 Bg7 8. f4 Bg4 9. Nf3 Qd7 10. h3 Be6 11. g4 f6 12. Bb5 a6 13. Ba4 b5 14. Bb3 Bxb3 15. axb3 0-0-0 16. Nd5 Kb7 17. Nd4 Nxd5 18. exd5 Nxd4 19. Qxd4 f5 20. Qb4 fxg4 21. hxg4 Qxg4 22. c4 Qd7 23. Be3 Rde8 24. Bf2 Re4 25. Bg3 Rhe8 26. Qa5 bxc4 27. bxc4 Rxc4+ 28. Kb1 Rc5 29. Qa3 Rb5 30. Rh2 Qf5+ 31. Ka1 Qg4 32. Rc1 Bd4 33. Bf2 Qxf4 34. Rxc7+ Kxc7 35. Rxh7+ Kb6 36. Bxd4+ Qxd4 37. Qxd6+ Ka5 38. Qc7+ Qb6 39. Qc3+ Rb4 40. Rc7 Ree4 41. Rc5+ Qb5 42. Rxb5+ Kxb5 43. Qc6+ Ka5 44. Qc5+ Rb5 45. Qc7+ Ka4 46. d6 1-0

[Event "Speed Chess (Women) Q1"]
[Site "Chess.com INT"]
[Date "2022.05.25"]
[Round "4"]
[White "Wanjiru, Lucy"]
[Black "Grigoryan, Meri"]
[Result "1-0"]
[WhiteElo "1455"]
[BlackElo "1993"]
[PlyCount "59"]
[EventDate "2022.05.24"]
[EventType "swiss (blitz)"]
[EventRounds "14"]
[EventCountry "USA"]
[SourceTitle "CBM 208 Extra"]
[Source "ChessBase"]
[SourceDate "2022.07.31"]
[SourceVersion "1"]
[SourceVersionDate "2022.07.31"]
[SourceQuality "1"]

1. Nf3 d5 2. d4 Nf6 3. e3 e6 4. Be2 c5 5. 0-0 cxd4 6. exd4 Nc6 7. c3 Be7 8. Nbd2 h6 9. Re1 0-0 10. Nf1 Bd6 11. h3 Re8 12. N1h2 e5 13. dxe5 Nxe5 14. Nd4 Nc6 15. Nhf3 Bc5 16. Be3 Ne4 17. Bd3 Nxd4 18. Nxd4 Qf6 19. Qf3 Qxf3 20. Nxf3 Bxe3 21. Rxe3 Bf5 22. Rae1 Re6 23. Nd4 Rf6 24. Nxf5 Rxf5 25. f3 Nd6 26. Bxf5 Nxf5 27. Re8+ Rxe8 28. Rxe8+ Kh7 29. Rb8 b6 30. Rb7 1-0

[Event "Speed Chess (Women) Q1"]
[Site "Chess.com INT"]
[Date "2022.05.25"]
[Round "8"]
[White "Wanjiru, Lucy"]
[Black "Latreche, Khadidja"]
[Result "0-1"]
[WhiteElo "1455"]
[BlackElo "1902"]
[PlyCount "82"]
[EventDate "2022.05.24"]
[EventType "swiss (blitz)"]
[EventRounds "14"]
[EventCountry "USA"]
[SourceTitle "CBM 208 Extra"]
[Source "ChessBase"]
[SourceDate "2022.07.31"]
[SourceVersion "1"]
[SourceVersionDate "2022.07.31"]
[SourceQuality "1"]

1. e4 c5 2. Nf3 e6 3. d3 Nc6 4. c3 Nf6 5. g3 d5 6. Nbd2 Be7 7. Bg2 0-0 8. 0-0 b6 9. Re1 Bb7 10. e5 Nd7 11. d4 Rc8 12. Nb3 a5 13. Be3 a4 14. Nbd2 cxd4 15. cxd4 b5 16. Qe2 Qa5 17. Rec1 Nb4 18. Ne1 Rxc1 19. Rxc1 Rc8 20. Ra1 Nb6 21. a3 Nc2 22. Rc1 Nxe1 23. Rxc8+ Bxc8 24. Qxe1 Nc4 25. Nf3 Qxe1+ 26. Nxe1 Nxb2 27. Bc1 Nc4 28. Bf1 Bxa3 29. Nd3 Bxc1 30. Nxc1 b4 31. Nd3 b3 32. Nb4 b2 33. Bd3 a3 34. Bb1 Nd2 35. Ba2 b1Q+ 36. Bxb1 Nxb1 37. Na2 Ba6 38. Nb4 Bc4 39. Nc2 a2 40. Na1 Na3 41. Kg2 Nb5 0-1

[Event "KEN-ch (Women)"]
[Site "Nairobi"]
[Date "2021.12.26"]
[Round "1"]
[White "Kariuki, Silvia Wahito"]
[Black "Wanjiru, Lucy"]
[Result "0-1"]
[WhiteElo "1064"]
[BlackElo "1586"]
[PlyCount "72"]
[EventDate "2021.12.26"]
[EventType "swiss"]
[EventRounds "9"]
[EventCountry "KEN"]
[SourceTitle "EXT 2023"]
[Source "ChessBase"]
[SourceDate "2022.10.05"]
[SourceVersion "1"]
[SourceVersionDate "2022.10.05"]
[SourceQuality "1"]

1. e4 e5 2. Bc4 Nf6 3. d3 Bc5 4. Nf3 d6 5. h3 Nbd7 6. Bg5 h6 7. Be3 c6 8. Bxc5 Nxc5 9. Nc3 a5 10. a4 Qb6 11. Ra2 Bd7 12. Nh4 Qb4 13. Bb3 Nxb3 14. cxb3 Be6 15. Ra3 d5 16. 0-0 dxe4 17. dxe4 Nxe4 18. Nxe4 Qxe4 19. Nf3 f6 20. Re1 Qd5 21. Qe2 0-0 22. Qe3 Rfd8 23. Re2 Qd3 24. Ne1 Qxe3 25. Rxe3 Rd1 26. f4 Bd5 27. fxe5 fxe5 28. Rxe5 Rd2 29. Re7 Rb8 30. Re3 Rxb2 31. Nf3 Rf8 32. Kf1 Rf4 33. Kg1 Rb4 34. g4 R2xb3 35. Raxb3 Rxb3 36. Rxb3 Bxb3 0-1

[Event "Online Olym Div3 B"]
[Site "Chess.com INT"]
[Date "2021.08.29"]
[Round "8.3"]
[White "Kanyamarala, Trisha"]
[Black "Wanjiru, Lucy"]
[Result "1-0"]
[WhiteElo "2180"]
[BlackElo "1619"]
[PlyCount "85"]
[EventDate "2021.08.27"]
[EventType "team-tourn (rapid)"]
[EventRounds "9"]
[EventCountry "USA"]
[SourceTitle "CBM 204 Extra"]
[Source "ChessBase"]
[SourceDate "2021.11.30"]
[SourceVersion "1"]
[SourceVersionDate "2021.11.30"]
[SourceQuality "1"]
[WhiteTeam "Ireland"]
[BlackTeam "Kenya"]
[WhiteTeamCountry "IRL"]
[BlackTeamCountry "KEN"]

1. d4 d5 2. c4 e6 3. Nc3 Nf6 4. cxd5 exd5 5. Bg5 Be7 6. e3 h6 7. Bh4 0-0 8. Bd3 c6 9. Nge2 Ne4 10. Bxe7 Qxe7 11. 0-0 Nd7 12. Qc2 Ndf6 13. Rae1 Bf5 14. Nf4 Bh7 15. f3 Nxc3 16. Bxh7+ Nxh7 17. bxc3 Qg5 18. Nd3 Rfe8 19. e4 Nf6 20. e5 Nh7 21. f4 Qf5 22. Qe2 h5 23. Rf3 Nf8 24. Rh3 g6 25. Rf3 Ne6 26. h3 Kg7 27. Qd2 b6 28. Nf2 h4 29. Ng4 Rh8 30. Ne3 Qh5 31. f5 gxf5 32. Nxf5+ Kf8 33. Nd6 Ng5 34. Rf5 Rg8 35. Kh1 Qg6 36. Ref1 Rg7 37. Rf6 Ne4 38. Nxe4 Qxe4 39. e6 Ke7 40. exf7 Kf8 41. Rh6 Rxf7 42. Rh8+ Kg7 43. Qh6# 1-0

[Event "Online Olym Div3 B"]
[Site "Chess.com INT"]
[Date "2021.08.29"]
[Round "7.3"]
[White "Wanjiru, Lucy"]
[Black "Raya, Alnaimat"]
[Result "1-0"]
[WhiteElo "1619"]
[BlackElo "1694"]
[PlyCount "31"]
[EventDate "2021.08.27"]
[EventType "team-tourn (rapid)"]
[EventRounds "9"]
[EventCountry "USA"]
[SourceTitle "CBM 204 Extra"]
[Source "ChessBase"]
[SourceDate "2021.11.30"]
[SourceVersion "1"]
[SourceVersionDate "2021.11.30"]
[SourceQuality "1"]
[WhiteTeam "Kenya"]
[BlackTeam "Jordan"]
[WhiteTeamCountry "KEN"]
[BlackTeamCountry "JOR"]

1. e4 d6 2. d4 g6 3. Nf3 Bg7 4. c3 Bg4 5. h3 Bxf3 6. Qxf3 Nc6 7. Bc4 e6 8. 0-0 Nf6 9. Bg5 0-0 10. Nd2 h6 11. Bh4 g5 12. Bg3 d5 13. Bd3 dxe4 14. Nxe4 Nxe4 15. Qxe4 Qd7 16. Qh7# 1-0

[Event "Online Olym Div3 B"]
[Site "Chess.com INT"]
[Date "2021.08.28"]
[Round "4.5"]
[White "Guidara, Rawia"]
[Black "Wanjiru, Lucy"]
[Result "0-1"]
[WhiteElo "1360"]
[BlackElo "1619"]
[PlyCount "59"]
[EventDate "2021.08.27"]
[EventType "team-tourn (rapid)"]
[EventRounds "9"]
[EventCountry "USA"]
[SourceTitle "CBM 204 Extra"]
[Source "ChessBase"]
[SourceDate "2021.11.30"]
[SourceVersion "1"]
[SourceVersionDate "2021.11.30"]
[SourceQuality "1"]
[WhiteTeam "Tunisia"]
[BlackTeam "Kenya"]
[WhiteTeamCountry "TUN"]
[BlackTeamCountry "KEN"]

1. e4 e5 2. Nf3 Nc6 3. d4 exd4 4. Bc4 Bb4+ 5. Bd2 Qe7 6. 0-0 Nf6 7. e5 Ne4 8. Bxb4 Qxb4 9. Bb3 0-0 10. a3 Qc5 11. Re1 d5 12. exd6 Nxd6 13. Qd3 Bf5 14. Qd1 Bg4 15. Nbd2 Rfe8 16. Rc1 Ne5 17. h3 Nxf3+ 18. Nxf3 Rxe1+ 19. Qxe1 Bxf3 20. gxf3 Qg5+ 21. Kh2 Qf4+ 22. Kg1 Qxf3 23. Rd1 Re8 24. Qf1 Nf5 25. Rd3 Qf4 26. Qd1 Qg5+ 27. Kh2 h5 28. Qf3 c6 29. Rxd4 Re1 30. Re4 0-1

[Event "Online Olym Div4 B"]
[Site "Chess.com INT"]
[Date "2021.08.22"]
[Round "10.5"]
[White "Wanjiru, Lucy"]
[Black "Hassan Almohannadi, Sara"]
[Result "1-0"]
[WhiteElo "1619"]
[BlackElo "1072"]
[PlyCount "49"]
[EventDate "2021.08.20"]
[EventType "team (rapid)"]
[EventRounds "11"]
[EventCountry "USA"]
[SourceTitle "CBM 203 Extra"]
[Source "ChessBase"]
[SourceDate "2021.09.30"]
[SourceVersion "1"]
[SourceVersionDate "2021.09.30"]
[SourceQuality "1"]
[WhiteTeam "Kenya"]
[BlackTeam "Qatar"]
[WhiteTeamCountry "KEN"]
[BlackTeamCountry "QAT"]

1. e4 d5 2. Nc3 d4 3. Nce2 e5 4. Nf3 Nc6 5. Ng3 Nf6 6. Bc4 h6 7. d3 Bg4 8. h3 Bxf3 9. Qxf3 Bb4+ 10. Bd2 Qe7 11. c3 dxc3 12. bxc3 Ba5 13. Nf5 Qf8 14. 0-0 g6 15. Ne3 0-0-0 16. Qxf6 Rd6 17. Qxf7 Qxf7 18. Bxf7 Rhd8 19. Bd5 Ne7 20. Nc4 Ra6 21. Nxa5 Rxa5 22. Bc4 Rc5 23. Bxh6 a6 24. Be6+ Kb8 25. Bg5 1-0

[Event "Africa-ch (Women)"]
[Site "Lilongwe"]
[Date "2021.05.23"]
[Round "5"]
[White "Nakabo, Peninah"]
[Black "Wanjiru, Lucy"]
[Result "1-0"]
[WhiteElo "1730"]
[BlackElo "1623"]
[PlyCount "67"]
[EventDate "2021.05.18"]
[EventType "swiss"]
[EventRounds "9"]
[EventCountry "MWI"]
[SourceTitle "EXT 2022"]
[Source "ChessBase"]
[SourceDate "2021.10.06"]
[SourceVersion "1"]
[SourceVersionDate "2021.10.06"]
[SourceQuality "1"]

1. e4 Nc6 2. d4 e5 3. d5 Nce7 4. f4 exf4 5. Bxf4 Ng6 6. Bg3 Nf6 7. Nd2 Bc5 8. Qf3 d6 9. h3 a6 10. 0-0-0 Qe7 11. Qb3 Nd7 12. Ngf3 Nde5 13. Be2 0-0 14. Kb1 f5 15. Nxe5 Nxe5 16. Rhf1 b5 17. Rde1 Bd7 18. exf5 Bxf5 19. Bxe5 Qxe5 20. Bd3 Qd4 21. Nf3 Qb4 22. Bxf5 Rxf5 23. Qd3 Rff8 24. Ng5 Qh4 25. Ne6 Rf7 26. Qc3 Bb4 27. Qc6 Rb8 28. c3 Qg3 29. Ka1 Rxf1 30. Rxf1 Qxg2 31. Rb1 Ba5 32. Qd7 Qg3 33. Rf1 Qg2 34. Qf7+ 1-0

[Event "Online Olym Div4 A"]
[Site "Chess.com INT"]
[Date "2020.08.02"]
[Round "9.3"]
[White "May, Hsu Lwin"]
[Black "Wanjiru, Lucy"]
[Result "1-0"]
[WhiteElo "2086"]
[BlackElo "1623"]
[PlyCount "73"]
[EventDate "2020.07.31"]
[EventType "team-tourn (rapid)"]
[EventRounds "9"]
[EventCountry "USA"]
[SourceTitle "CBM 198"]
[Source "ChessBase"]
[SourceDate "2020.10.31"]
[SourceVersion "1"]
[SourceVersionDate "2020.10.31"]
[SourceQuality "1"]
[WhiteTeam "Myanmar"]
[BlackTeam "Kenya"]
[WhiteTeamCountry "MYA"]
[BlackTeamCountry "KEN"]

1. d4 d5 2. c4 e6 3. Nc3 Nf6 4. Nf3 Bb4 5. Bg5 Nbd7 6. e3 c6 7. a3 Be7 8. Bd3 h6 9. Bh4 dxc4 10. Bxc4 Nd5 11. Bg3 N7f6 12. Ne5 Nxc3 13. bxc3 0-0 14. 0-0 Ne4 15. Qc2 Nxg3 16. hxg3 Bf6 17. f4 Bd7 18. g4 Bxe5 19. fxe5 Qh4 20. Be2 Qg5 21. Qe4 c5 22. Bd3 g6 23. Qf4 Qxf4 24. exf4 cxd4 25. cxd4 Bc6 26. Rad1 Rad8 27. Bc2 Rd7 28. Rf2 Rfd8 29. Rfd2 Kg7 30. Kf2 Bb5 31. f5 Bc4 32. Ke3 g5 33. f6+ Kf8 34. Rh1 Rc7 35. Rxh6 Ke8 36. Rh5 Bb3 37. Bxb3 1-0

[Event "KEN-chT"]
[Site "Nairobi"]
[Date "2019.02.09"]
[Round "2.5"]
[White "Wanjiru, Lucy"]
[Black "Berita, Atemo"]
[Result "1/2-1/2"]
[WhiteElo "1483"]
[BlackElo "1344"]
[PlyCount "77"]
[EventDate "2019.02.09"]
[EventType "team-tourn"]
[EventRounds "27"]
[EventCountry "KEN"]
[SourceTitle "CBM 192 Extra"]
[Source "Chessbase"]
[SourceDate "2019.11.06"]
[SourceVersion "1"]
[SourceVersionDate "2019.11.06"]
[SourceQuality "1"]
[WhiteTeam "Deadly Bishops"]
[BlackTeam "Stima"]
[WhiteTeamCountry "KEN"]
[BlackTeamCountry "KEN"]

1. e4 e5 2. Nf3 Nc6 3. Bc4 d6 4. 0-0 Be7 5. c3 Bg4 6. d3 Nf6 7. Nbd2 0-0 8. Re1 Na5 9. Bb5 a6 10. Ba4 d5 11. exd5 Nxd5 12. Rxe5 Bf6 13. Re1 Qd6 14. Ne4 Qd8 15. h3 Bh5 16. g4 Bg6 17. Nxf6+ Nxf6 18. Ne5 b5 19. Bc2 Re8 20. Nxg6 hxg6 21. Bg5 Qd6 22. Qf3 Nc6 23. Bxf6 Qxf6 24. Qxf6 gxf6 25. d4 Ne7 26. Re2 Nd5 27. Rae1 Rxe2 28. Rxe2 Kf8 29. Bb3 Nf4 30. Re3 Re8 31. Rf3 g5 32. h4 Re2 33. Kh2 Rxb2 34. Kg3 Re2 35. h5 a5 36. a4 c6 37. axb5 cxb5 38. h6 Re1 39. Kh2 1/2-1/2

[Event "All Africa Games Kenya qual (Women)"]
[Site "Nairobi"]
[Date "2019.02.01"]
[Round "2.1"]
[White "Ngima, Cheryl"]
[Black "Wanjiru, Lucy"]
[Result "1/2-1/2"]
[WhiteElo "1257"]
[BlackElo "1483"]
[PlyCount "45"]
[EventDate "2019.02.01"]
[EventType "swiss"]
[EventRounds "6"]
[EventCountry "KEN"]
[SourceTitle "EXT 2024"]
[Source "ChessBase"]
[SourceDate "2023.10.10"]
[SourceVersion "1"]
[SourceVersionDate "2023.10.10"]
[SourceQuality "1"]

1. e4 e6 2. d4 d5 3. Nd2 Nf6 4. e5 Nfd7 5. Bd3 c5 6. c3 Nc6 7. Ne2 Be7 8. 0-0 0-0 9. Nf3 f6 10. exf6 Nxf6 11. Re1 c4 12. Bc2 Bd6 13. Bf4 Qc7 14. Bxd6 Qxd6 15. Ng3 Bd7 16. Ne5 Be8 17. Qe2 Ne7 18. Nf3 Bd7 19. Ne5 Be8 20. Nf3 Bd7 21. Ne5 Be8 22. Nf3 Bd7 23. Ne5 1/2-1/2

[Event "Olympiad Women-43"]
[Site "Batumi"]
[Date "2018.09.25"]
[Round "2.45"]
[White "Wanjiru, Lucy"]
[Black "Salazar Gould, Melannie"]
[Result "0-1"]
[WhiteElo "1475"]
[BlackElo "1926"]
[PlyCount "50"]
[EventDate "2018.09.24"]
[EventType "team-swiss"]
[EventRounds "11"]
[EventCountry "GEO"]
[SourceTitle "EXT 2020"]
[Source "ChessBase"]
[SourceDate "2019.10.17"]
[SourceVersion "1"]
[SourceVersionDate "2019.10.17"]
[SourceQuality "1"]
[WhiteTeam "Kenya (W)"]
[BlackTeam "Costa Rica (W)"]
[WhiteTeamCountry "KEN"]
[BlackTeamCountry "CRI"]

1. e4 e6 2. Nf3 d5 3. exd5 exd5 4. d4 Bd6 5. Bd3 Ne7 6. 0-0 Nbc6 7. c3 Bg4 8. h3 Bh5 9. Be3 f6 10. Nbd2 g5 11. Qc2 Bg6 12. Rae1 Bxd3 13. Qxd3 Qd7 14. Nh2 0-0-0 15. c4 h5 16. c5 Bxh2+ 17. Kxh2 h4 18. f3 Rdg8 19. a3 f5 20. f4 g4 21. b4 Qe8 22. Nb3 gxh3 23. gxh3 Rg3 24. Qc2 Qg6 25. Re2 Rxh3+ 0-1

[Event "Olympiad Women-43"]
[Site "Batumi"]
[Date "2018.09.24"]
[Round "1.42"]
[White "Wanjiru, Lucy"]
[Black "Narva, Triin"]
[Result "0-1"]
[WhiteElo "1475"]
[BlackElo "2113"]
[PlyCount "74"]
[EventDate "2018.09.24"]
[EventType "team-swiss"]
[EventRounds "11"]
[EventCountry "GEO"]
[SourceTitle "EXT 2020"]
[Source "ChessBase"]
[SourceDate "2019.10.17"]
[SourceVersion "1"]
[SourceVersionDate "2019.10.17"]
[SourceQuality "1"]
[WhiteTeam "Kenya (W)"]
[BlackTeam "Estonia (W)"]
[WhiteTeamCountry "KEN"]
[BlackTeamCountry "EST"]

1. e4 d5 2. exd5 Qxd5 3. Nc3 Qd6 4. Nf3 Nf6 5. Be2 a6 6. d3 Nc6 7. Be3 Bg4 8. h3 Bh5 9. Qd2 0-0-0 10. g4 Bg6 11. Nh4 e5 12. Nxg6 hxg6 13. 0-0-0 Qe6 14. g5 Nd7 15. Bg4 Qe8 16. Ne4 Kb8 17. Bxd7 Qxd7 18. h4 Qe6 19. Kb1 Nb4 20. b3 b6 21. Qe2 a5 22. Bc1 a4 23. a3 Nc6 24. b4 Nd4 25. Qe3 Qc6 26. c3 Nf5 27. Qf3 Qe6 28. h5 gxh5 29. Rxh5 Rxh5 30. Qxh5 g6 31. Qe2 Be7 32. Bb2 Ka7 33. Qc2 b5 34. c4 Qc6 35. Bxe5 bxc4 36. Rc1 Qb5 37. dxc4 Qxe5 0-1

[Event "Meru op"]
[Site "Meru"]
[Date "2018.06.30"]
[Round "5"]
[White "Wanjiru, Lucy"]
[Black "Wanderi, Ebrahim"]
[Result "1/2-1/2"]
[WhiteElo "1474"]
[BlackElo "1368"]
[PlyCount "96"]
[EventDate "2018.06.30"]
[EventType "swiss"]
[EventRounds "6"]
[EventCountry "KEN"]
[SourceTitle "EXT 2019"]
[Source "ChessBase"]
[SourceDate "2018.10.10"]
[SourceVersion "1"]
[SourceVersionDate "2018.10.10"]
[SourceQuality "1"]

1. e4 e5 2. Nf3 Nc6 3. Bc4 Nf6 4. d3 d6 5. c3 Na5 6. Bb5+ Bd7 7. Bxd7+ Qxd7 8. h3 Be7 9. Nbd2 0-0 10. b4 Nc6 11. Bb2 d5 12. a3 dxe4 13. dxe4 Qd3 14. Qe2 Rad8 15. Qxd3 Rxd3 16. Ke2 Rfd8 17. Rhd1 b5 18. Ne1 R3d7 19. g4 Ne8 20. c4 a6 21. cxb5 axb5 22. Nb3 Bh4 23. Rxd7 Rxd7 24. Nf3 Bf6 25. Nc5 Rd8 26. Rd1 Rxd1 27. Kxd1 Nd6 28. Kc2 Nc4 29. Nd7 Nxb2 30. Nxf6+ gxf6 31. Kxb2 Kf8 32. Kc3 Ke7 33. Nh4 Nd4 34. Nf5+ Nxf5 35. exf5 c6 36. Kd3 Kd6 37. Ke4 h6 38. f3 c5 39. bxc5+ Kxc5 40. Kd3 b4 41. axb4+ Kxb4 42. Ke4 Kc3 43. f4 exf4 44. Kxf4 Kd4 45. h4 Kd5 46. g5 fxg5+ 47. hxg5 hxg5+ 48. Kxg5 Ke5 1/2-1/2